000 00600nam a22002055i 4500
001 53471
003 ES-MaACL
007 t|
008 950929s1876 gw ||||1| eng d
040 _aCAM
_bspa
_cCAM
100 1 _aEliot, George.
_946995
245 1 0 _aDaniel Deronda /
_cby George Eliot.
260 _aLeipzig :
_bBernhard Tauchnitz,
_c1876.
300 _a2 v. ;
_c16 cm.
490 1 _aCollection of British authors ;
_v1617-1620
505 8 _aContiene 4 t. en 2 v.
830 0 _aCollection of British authors ;
_v1617-1620
_9180703
852 _aES-MaACL
_jG-11551-2
999 _c53471
_d53471